000 01276nam0a22004091 4500
001 v19\rc\1395349
005 20250618095043.0
035 _a(NLR Aleph) 004526797
090 _a4923352
_c4923352
100 _a20060512d1870 |||y0rusy50 ca
101 0 _arus
102 _aRU
105 _aa z |||||
135 _acrmn mmmanaba
200 1 _aЖивописная Япония
_f[Соч.] Эме Гюмбера
210 _aСанкт-Петербург
_cред. журн. "Всемир. путественник"
_d1870
215 _aVIII, 415 с.
_cил.
_d29
325 1 _aКопия доступна в Электронной библиотеке РНБ
700 1 _aГюмбер
_bЭ.
_gЭме
801 0 _aRU
_bNLR
_gpsbo
801 0 _aRU
_bRuMoRGB
_2psbo
801 1 _aRU
_bProSoft-M
_2rusmarc
852 _aNLR
_j18.40.2.30
852 _aNLR
_j136/879
852 _aNLR
_bМф
_jК-1/26663
899 _aRuMoRGB
_jS 63/13
899 _aRuMoRGB
_jU 315/67
899 _aRuMoRGB
_jЯ 59/49
899 _aБАН
899 _aНБ СПбГУ
899 _aГПИБ
899 _aНБ МГУ
901 _eКнижные издания
942 _cBOOK
980 _aNB
980 _ahounb